Quiz sur Arceus - Statistiques

Statistiques générales
  • Ce quiz a été pris 78 fois
  • Le résultat moyen est 9 sur 16
Statistiques - réponses
Indice Réponse % Correct
Type de base Normal
100%
Génération 4G
97%
Objet qui lui permet de changer de type, sur plusieurs générations Plaque
87%
Couleur en chromatique Doré
76%
Capacité signature qu'il apprend au niveau 100 Jugement
71%
Type dont il apprend le moins de capacités (2 au total) Spectre
68%
Année de sa révélation au public 2009
65%
Titre du jeu prévu pour février qui le verra protagoniste Légendes Pokémon: Arceus
60%
Nombre qui compose toutes ses statistiques 120
54%
Objet qui aurait permis d'atteindre cet endroit (jamais distribué par évènement) Flûte Azur
38%
Talent Multitype
35%
Titre du film dans lequel son nom apparaît Arceus et le {Joyau} {de} {Vie}
28%
Il serait né de cet objet venant du Chaos Œuf
28%
Arceus en a utilisé 1000 pour façonner l'Univers Bras
22%
Lieu de Sinnoh où on aurait dû le trouver Salle Originelle
15%
Animal mythologique chinois dont il tire son apparence Qilin
7%
Aucun quiz correspondant
Distribution des résultats
% des personnes avec chaque résultat
Percentile par nombre de réponses
Votre historique - résultats
Vous n’avez pas pris ce quiz